Marketing zelených podnikov cestovného ruchu bakalárska práca

Guardado en:
Detalles Bibliográficos
Autor principal: Vargová, Monika
Autor Corporativo: Obchodná fakulta EU. Katedra služieb a cestovného ruchu - zrušené
Otros Autores: Bojová, Dominika
Formato: Libro
Lenguaje:eslovaco
Publicado: Bratislava 2013
Etiquetas: Agregar Etiqueta
Sin Etiquetas, Sea el primero en etiquetar este registro!

MARC

LEADER 00000nbm a2200000 4500
001 0171110
005 20161109112016.5
041 0 |a slo 
044 |a SK 
245 1 0 |a Marketing zelených podnikov cestovného ruchu  |b bakalárska práca  |c Monika Vargová ; školiteľ: Dominika Bojová 
264 1 |a Bratislava  |c 2013 
300 |a 58 s. 
100 1 |a Vargová, Monika 
700 1 |a Bojová, Dominika 
710 2 |a Obchodná fakulta EU. Katedra služieb a cestovného ruchu - zrušené